Yasakmeyve (Record no. 200044231)
[ view plain ]
| 000 -LEADER | |
|---|---|
| fixed length control field | 00548 a2200229 4500 |
| 001 - CONTROL NUMBER | |
| control field | 200044231 |
| 003 - CONTROL NUMBER IDENTIFIER | |
| control field | TR-AnTOB |
| 005 - DATE AND TIME OF LATEST TRANSACTION | |
| control field | 20191123020029.0 |
| 008 - FIXED-LENGTH DATA ELEMENTS--GENERAL INFORMATION | |
| fixed length control field | 160509b20032004tu bn0 0 0 |
| 022 ## - INTERNATIONAL STANDARD SERIAL NUMBER | |
| International Standard Serial Number | 1303-8397 |
| 040 ## - CATALOGING SOURCE | |
| Original cataloging agency | TR-AnTOB |
| 041 ## - LANGUAGE CODE | |
| Language code of text/sound track or separate title | Türkçe |
| 050 ## - LIBRARY OF CONGRESS CALL NUMBER | |
| Classification number | PN1031 |
| Item number | .T9 |
| 099 ## - LOCAL FREE-TEXT CALL NUMBER (OCLC) | |
| Classification number | JOURNAL - YASA ME |
| 245 #0 - TITLE STATEMENT | |
| Title | Yasakmeyve |
| 260 ## - PUBLICATION, DISTRIBUTION, ETC. | |
| Place of publication, distribution, etc. | İstanbul : |
| Name of publisher, distributor, etc. | Komşu Yayınevi, |
| Date of publication, distribution, etc. | 2003- |
| 310 ## - CURRENT PUBLICATION FREQUENCY | |
| Current publication frequency | İki ayda bir. |
| 362 ## - DATES OF PUBLICATION AND/OR SEQUENTIAL DESIGNATION | |
| Dates of publication and/or sequential designation | Yıl:1 Sayı:1 Şubat-Mart 2003 |
| 650 ## - SUBJECT ADDED ENTRY--TOPICAL TERM | |
| Topical term or geographic name entry element | Şiir |
| Form subdivision | Süreli yayınlar |
| 9 (RLIN) | 60791 |
| 942 ## - ADDED ENTRY ELEMENTS (KOHA) | |
| Koha item type | Continuing Resource |
No items available.
